Vízvédelem az olajmezőn
Elmentve itt :
| Szerző: | |
|---|---|
| Dokumentumtípus: | Cikk |
| Megjelent: |
1970-12-31
|
| Sorozat: | Délmagyarország
60 No. 305 |
| Kulcsszavak: | Varga Károly, Árvízvédelem Szeged értékelés 1970, olaj |
| Online Access: | http://dmarchiv.bibl.u-szeged.hu/64971 |
| LEADER | 00487nab a2200157 i 4500 | ||
|---|---|---|---|
| 001 | delm64971 | ||
| 005 | 20180927151240.0 | ||
| 008 | 180927s1970 hu o 0|| hun d | ||
| 040 | |a SZTE Délmagyarország Archívum |b hun | ||
| 041 | |a hun | ||
| 100 | 1 | |a Tóth Béla | |
| 245 | 1 | 0 | |a Vízvédelem az olajmezőn |h [elektronikus dokumentum] / |c Tóth Béla |
| 260 | |c 1970-12-31 | ||
| 300 | |a 1 | ||
| 490 | 0 | |a Délmagyarország |v 60 No. 305 | |
| 695 | |a Varga Károly, Árvízvédelem Szeged értékelés 1970, olaj | ||